00646nam a2200181Ia 4500008004100000020001800041041000800059082001900067100002300086245003500109260002200144300000900166365001600175700002300191906005200214999001900266952017900285230718s9999 xx 000 0 und d a9781259062957 aeng a621.319'2bSIN aSingh R.R.9170967 aNetwork Analysis And Synthesis c2017bMcGraw Hill a1200 cRs.b595.00 aSingh R.R.9170967 dO:0571404-Oct-2017B:471229-Sep-2017cSEb1332.8 c345602d345602 00104070aCCEPbCCEPd2017-10-04eVaibhav Book HousefSEg428.40i4712l1o621.319'2pCCEP-BK-56809r2026-01-09 17:09:12s2025-12-09t1332.8v595.00w2017-09-29yBKz056809